Способ контроля за разработкой высокорасчлененных пластов

Podrobná bibliografie
Korporativní autor: ООО "РН-УфаНИПИнефть"
Další autoři: Байков В. А. Виталий Анварович, Бочков А. С. Андрей Сергеевич, Галеев Р. Р. Раиль Рамилевич, Мухамадеев Д. С. Давид Салаватович, Яковлев А. А. Андрей Александрович
Shrnutí:опубл. 10.07.2012
Изобретение относится к нефтяной промышленности, а именно к исследованиюстроения пластов для контроля за разработкой и для оптимизации размещенияэксплуатационных скважин на исследуемом месторождении, в частности к способамоценки фильтрационных потоков, формирующихся при разработке нефтяныхместорождений с высокорасчлененными пластами.
Jazyk:ruština
Vydáno:
Témata:
On-line přístup:https://new.fips.ru/Archive/PAT/2012FULL/2012.07.10/DOC/RUNWC1/000/000/002/455/484/DOCUMENT.PDF
Médium: MixedMaterials Elektronický zdroj Kniha
KOHA link:https://koha.lib.tpu.ru/cgi-bin/koha/opac-detail.pl?biblionumber=661578

MARC

LEADER 00000nlm0a2200000 4500
001 661578
005 20231101135202.0
029 1 0 |a RU  |b 2455484  |c Патент  |d МПК E 21 B 49/00  |d МПК E 21 B 47/00 
035 |a (RuTPU)RU\TPU\network\32218 
035 |a RU\TPU\network\32216 
039 0 |a RU  |b 2011114692/03  |c 20110415 
090 |a 661578 
100 |a 20200115j20120710k y0rusy50 ca 
101 0 |a rus 
102 |a RU 
105 |a a k 000zy 
135 |a drmn ---uucaa 
181 0 |a i  
182 0 |a b 
200 1 |a Способ контроля за разработкой высокорасчлененных пластов  |f В. А. Байков [и др.]  |g ООО "РН-УфаНИПИнефть" 
203 |a Текст  |c электронный 
300 |a опубл. 10.07.2012 
330 |a Изобретение относится к нефтяной промышленности, а именно к исследованиюстроения пластов для контроля за разработкой и для оптимизации размещенияэксплуатационных скважин на исследуемом месторождении, в частности к способамоценки фильтрационных потоков, формирующихся при разработке нефтяныхместорождений с высокорасчлененными пластами. 
610 1 |a патенты 
610 1 |a труды учёных ТПУ 
610 1 |a электронный ресурс 
610 1 |a изобретения 
610 1 |a нефтяная промышленность 
610 1 |a контроль 
610 1 |a разработки 
610 1 |a пласты 
610 1 |a строение 
610 1 |a фильтрационно-емкостные характеристики 
610 1 |a сейсморазведочные работы 
610 1 |a геофизические исследования 
610 1 |a скважины 
610 1 |a лабораторные исследования 
610 1 |a керны 
610 1 |a каротажные диаграммы 
701 1 |a Байков  |b В. А.  |g Виталий Анварович 
701 1 |a Бочков  |b А. С.  |g Андрей Сергеевич 
701 1 |a Галеев  |b Р. Р.  |g Раиль Рамилевич 
701 1 |a Мухамадеев  |b Д. С.  |g Давид Салаватович 
701 1 |a Яковлев  |b А. А.  |c специалист в области нефтегазового дела  |c первый проректор, доцент Томского политехнического университета, доктор физико-математических наук  |f 1981-  |g Андрей Александрович  |2 stltpush  |3 (RuTPU)RU\TPU\pers\45818 
712 0 2 |a ООО "РН-УфаНИПИнефть" 
801 1 |a RU  |b 63413507  |c 20120201 
801 2 |a RU  |b 63413507  |c 20200115  |g RCR 
856 4 |u https://new.fips.ru/Archive/PAT/2012FULL/2012.07.10/DOC/RUNWC1/000/000/002/455/484/DOCUMENT.PDF 
942 |c CF